000 00322nam a2200133Ia 4500
008 220204s9999 xx 000 0 und d
082 _a612.39
_bSTA
100 _aMcWilliams, Margaret
245 0 _aLiving nutrition
250 _a2
260 _aNew York
_bJohn Wiley
_c1973
700 _aStare, Frederick J
942 _cBK
999 _c25780
_d25780